Loading...
| Fine Arts - Classical Music | 4 | 10.00 | 75% | 25% | 0% |
| Fine Arts - Other Fine Arts | 2 | 5.00 | 0% | 50% | 0% |
| Fine Arts - Painting & Sculpture | 5 | 8.00 | 60% | 0% | 20% |
| History - American History | 1 | 10.00 | 100% | 0% | 0% |
| History - European History | 6 | 16.67 | 100% | 33% | 33% |
| History - Other History | 5 | 12.00 | 80% | 40% | 0% |
| History - World History | 4 | 10.00 | 75% | 25% | 0% |
| Literature - American Literature | 6 | 5.00 | 50% | 0% | 0% |
| Literature - British Literature | 5 | 10.00 | 80% | 20% | 0% |
| Literature - European Literature | 5 | 4.00 | 20% | 20% | 0% |
| Literature - World Literature | 3 | 6.67 | 67% | 0% | 0% |
| Mythology | 5 | 12.00 | 60% | 40% | 20% |
| Other | 6 | 15.00 | 100% | 50% | 0% |
| Philosophy | 4 | 7.50 | 50% | 25% | 0% |
| Religion | 4 | 10.00 | 50% | 25% | 25% |
| Science - Biology | 5 | 14.00 | 100% | 20% | 20% |
| Science - Chemistry | 3 | 6.67 | 67% | 0% | 0% |
| Science - Other Science | 6 | 11.67 | 100% | 17% | 0% |
| Science - Physics | 8 | 6.25 | 63% | 0% | 0% |
| Social Science | 4 | 10.00 | 75% | 25% | 0% |